000 00944nam a2200253 a 4500
001 000011793
005 20200929162552.0
008 091027s1965 sp 000 0 spa d
040 _aDO-SdBNP
_bspa
_cBNPHU
041 1 7 _aspa
_heng
_2Código de idioma MARC
082 _a923.1
_bD822d
100 1 _aDuca, Lo
_927908
240 1 3 _aLe journal secret de Napoleón Bonaparte,
_lespañol
245 1 3 _aEl diario secreto de Napoleón Bonaparte :
_b1769-1869 /
_cLo Duca ; traducción, Kenneth Lyons Macquillan ; prólogo, Jean Cocteau.
260 _aBarcelona :
_bSagitario,
_c1965.
300 _a337 p. ;
_c21 cm.
490 1 _aLiteraria
534 _pTítulo original en inglés:
_tLe journal secret de Napoleón Bonaparte
650 4 _aNapoleón,-i,
_xEmperador de francia,
_d1769-1821
_vBIOGRAFÍAS
_927909
700 1 _aLyons Macquillan,
_etr.
_927910
700 1 _aCocteau, Jean,
_ePról.
_927911
830 0 _aLiteraria
_921679
049 _aBNGR
999 _c11467
_d11467